Bienvenue à la Médiathèque de Saint-Andiol
banniere
Accueil Recherche avancée Mon compte
handi1 Rechercher dans le catalogue

Filtre   Mots-clés
  Recherche avancée
 
Lister les dernières nouveautés
 
Lister les livres GROS CARACTERES
 
Lister les périodiques (magazines)

handi1 Francacophonie

Book Cover
Auteur principal : Alexandre Stanké
Titre : Francacophonie
Support :
Langue : Francais
Publié : 2021 Coffragants
Genre : Documentaire
Sujets : Humour
Étiquettes :
Pas de tags
LEADER 01519nzm0a2200205 450
001 16868242
010 |a 978-2-89517-758-6  |d 20 
100 |a 20211011d2021 u u0frey01 ba 
101 0 |a fre 
200 0 |a Francacophonie  |f Alexandre Stanké  |g Alexandre Stanké 
207 1 |a   
210 |c Coffragants  |d 2021 
215 |a 1 compact disque audio MP3 
300 |a 5.50% 
330 |a Ils ont beau être quelque 300 millions de locuteurs français dans le monde, il arrive qu'à cause des nombreuses dissemblances dont la langue française est truffée, Français (de France), Québécois, Belges, Suisses, Haïtiens, Maliens, Zaïrzois, et beaucoup d'autres qui ont le français en partage, ne se comprennent pas toujours. Cette diversité de langues, dans la langue crée nécessairement des quiproquos, des confusions et des malentendus qui peuvent parfois être fâcheux. Autrement dit, nul francophone, qui se trouve dans un autre pays francophone que n'est pas le sien, n'est jamais à l'abri de bévues qui pourraient lui être fatales. Dans cette recherche inédite, l'auteur présente un survol aussi impressionnant qu'hilarant de ce que l'on pourrait appeler le « FRANCACOPHONE ». L'ouvrage a été préfacé, avec ravissement et jubilation, par nul autre que le célèbre humoriste Jean-Loup Chiflet. 
610 0 |a Humour 
676 |a 447.9 
700 0 |a Stanké  |b Alexandre  |4 70 
900 |a Documentaire 
995 |a Médiathèque  |c Médiathèque  |f 00156009599044  |h 00156009599044  |k 447.9 STA  |o p  |q a  |r ie  |e Médiathèque